Alexander of Aphrodisias on the Cosmos : Arabic text with English Translation, Introduction and Commentary /
This volume contains the Arabic translations of a lost treatise by Alexander of Aphrodisias (c. AD 200) On the Principles of the Universe with English translation, introduction and commentary. It also includes an Arabic and Syriac glossary. The introduction and commentary deal in detail with the man...
المؤلف الرئيسي:
التنسيق: كتاب الكتروني
اللغة: English
منشور في:
Leiden; Boston :
BRILL,
2001.
سلاسل:
Brill Book Archive Part 1, ISBN: 9789004472495.
Islamic Philosophy, Theology and Science. Texts and Studies ;
44.
الموضوعات:
الوصول للمادة أونلاين: Login to view Source
الوسوم: إضافة وسم
رقم الطلب: B535.A63
| LEADER | 02529nam a22005058i 4500 | ||
|---|---|---|---|
| 001 | BRILL9789004453166 | ||
| 003 | nllekb | ||
| 005 | 20211118221641.0 | ||
| 006 | m d | ||
| 007 | cr un uuuua | ||
| 008 | 200716s2001 ne sb 001 0 eng d | ||
| 010 | |z 00057985 | ||
| 020 | |a 9789004453166 |q (electronic book) | ||
| 020 | |a 9789004119635 |q (print) | ||
| 024 | 7 | |a 10.1163/9789004453166 |2 DOI | |
| 035 | |z (OCoLC)44701118 | ||
| 040 | |a NL-LeKB |c NL-LeKB |e rda | ||
| 050 | 4 | |a B535.A63 | |
| 072 | 7 | |a HPDC |2 bicssc | |
| 072 | 7 | |a PHI |x 022000 |2 bisacsh | |
| 072 | 7 | |a REL |x 037000 |2 bisacsh | |
| 082 | 0 | 4 | |a 185 |2 23 |
| 100 | 1 | |a Genequand |e author. | |
| 245 | 1 | 0 | |a Alexander of Aphrodisias on the Cosmos : |b Arabic text with English Translation, Introduction and Commentary / |c Genequand. |
| 246 | 3 | |a Arabic text with English Translation, Introduction and Commentary | |
| 264 | 1 | |a Leiden; |a Boston : |b BRILL, |c 2001. | |
| 300 | |a 1 online resource. | ||
| 336 | |a text |b txt |2 rdacontent | ||
| 337 | |a computer |b c |2 rdamedia | ||
| 338 | |a online resource |2 rdacarrier | ||
| 490 | 1 | |a Brill Book Archive Part 1, ISBN: 9789004472495 | |
| 490 | 1 | |a Islamic Philosophy, Theology and Science. Texts and Studies ; |v 44 | |
| 504 | |a Includes bibliographical references and index. | ||
| 520 | |a This volume contains the Arabic translations of a lost treatise by Alexander of Aphrodisias (c. AD 200) On the Principles of the Universe with English translation, introduction and commentary. It also includes an Arabic and Syriac glossary. The introduction and commentary deal in detail with the manuscripts, the translators and the exegetical tendencies of the text, as well as with its reception in Arabic philosophy. The main theme of the work is the motion of the heavenly bodies and their influence on the physical world. | ||
| 588 | |a Description based on print version record. | ||
| 650 | 0 | |a Cosmology |y Works before 1800. | |
| 650 | 0 | |a Cosmology. | |
| 650 | 0 | |a Kosmogony. | |
| 776 | 0 | 8 | |i Print version: |t Alexander of Aphrodisias on the Cosmos : Arabic text with English Translation, Introduction and Commentary. |d Leiden ; Boston : BRILL, 2001 |z 9789004119635 |
| 830 | 0 | |a Brill Book Archive Part 1, ISBN: 9789004472495. | |
| 830 | 0 | |a Islamic Philosophy, Theology and Science. Texts and Studies ; |v 44. | |
| 856 | 4 | |z DOI: |u http://dx.doi.org/10.1163/9789004453166 | |
| 942 | |2 lcc |c EBOOK | ||
| 952 | |0 0 |1 0 |2 lcc |4 0 |7 1 |9 22501 |a BRILL |b BRILL |d 2021-11-18 |l 0 |r 2021-11-18 00:00:00 |w 2021-11-18 |y EBOOK | ||
| 999 | |c 39975 |d 39975 | ||
